Logistika metodika hodnotenia intermodálnej prepravy

Salvato in:
Dettagli Bibliografici
Autore principale: Majerčák, Jozef
Altri autori: Kudláč, Štefan, Majerčák, Peter
Natura: Libro
Lingua:slovacco
Pubblicazione: Žilina EDIS-vydavateľské centrum ŽU 2021
Edizione:1. vydanie
Soggetti:
Tags: Aggiungi Tag
Nessun Tag, puoi essere il primo ad aggiungerne!!

MARC

LEADER 00000nam a2200000 4500
001 0280154
005 20240416114144.8
020 |a 978-80-554-1795-0 
041 0 |a slo 
044 |a SK 
245 1 0 |a Logistika  |b metodika hodnotenia intermodálnej prepravy  |c Jozef Majerčák, Štefan Kudláč, Peter Majerčák 
250 |a 1. vydanie 
264 1 |a Žilina  |b EDIS-vydavateľské centrum ŽU  |c 2021 
300 |a 190 s. 
610 2 0 |a logistika 
610 2 0 |a preprava 
610 2 0 |a reťazce dodávateľsko-odberateľské 
610 2 0 |a politika dopravná 
610 2 0 |a doprava kombinovaná 
610 2 0 |a normy technické 
610 2 0 |a metodika 
100 1 |a Majerčák, Jozef 
700 1 |a Kudláč, Štefan 
700 1 |a Majerčák, Peter